|
|
|
|
| LEADER |
00853cam a2200241 7i4500 |
| 001 |
0000024534 |
| 005 |
20200616090000.0 |
| 008 |
081009 eng |
| 020 |
|
|
|a 0748771182
|
| 090 |
0 |
0 |
|a RT610.73
|b .W36 2003
|
| 100 |
1 |
|
|a Walsh, Mark
|
| 245 |
1 |
0 |
|a Introduction to research
|c Mark Walsh. Lynne Wigens ; series editor : Lynne Wigens.
|
| 260 |
|
|
|a Cheltenham:
|b Nelson Thornes,
|c 2003.
|
| 300 |
|
|
|a vii, 151 p.:
|b ill.;
|c 25 cm.
|
| 440 |
|
0 |
|a Foundations in nursing and health care
|
| 500 |
|
|
|a Includes index
|
| 650 |
0 |
0 |
|a Medical care --
|x Research
|
| 650 |
0 |
0 |
|a Medicine --
|x Research
|
| 700 |
1 |
|
|a Wigens, Lynne
|
| 997 |
|
|
|a Health Sciences, Faculty
|
| 998 |
|
|
|a Occupational Safety & Health, Degree
|
| 999 |
|
|
|a 0000031716
|b BOK
|c OPEN SHELF
|e 1st Floor, Shah Alam
|
| 999 |
|
|
|a 0000031717
|b BOK
|c OPEN SHELF
|e 1st Floor, Shah Alam
|